[Event "IRL-ch U16"]
[Site "Dublin"]
[Date "2019.04.14"]
[Round "6"]
[White "Avetisyan, Gagik1111"]
[Black "Moran, Hugh"]
[Result "0-1"]
[WhiteElo "1541"]
[BlackElo "1571"]
[PlyCount "118"]
[EventDate "2019.04.12"]
[EventType "swiss"]
[EventRounds "6"]
[EventCountry "IRL"]
[SourceTitle "EXT 2021"]
[Source "ChessBase"]
[SourceDate "2020.10.23"]
[SourceVersion "1"]
[SourceVersionDate "2020.10.23"]
[SourceQuality "1"]

1. d4 d6 2. Nf3 Nf6 3. c4 Nbd7 4. Nc3 e5 5. dxe5 dxe5 6. Bg5 Be7 7. g3 0-0 8. Bg2 c6 9. 0-0 Qc7 10. Qc2 h6 11. Bd2 a5 12. e4 Nc5 13. Be3 Be6 14. Nd2 Rfd8 15. Bxc5 Bxc5 16. Rfd1 Ng4 17. Rf1 Ne3 18. fxe3 Bxe3+ 19. Kh1 Rxd2 20. Qb3 Rad8 21. Rad1 Rxd1 22. Nxd1 Bd4 23. Qc2 Qb6 24. b3 Qc7 25. Nc3 Bxc3 26. Qxc3 Rd4 27. Qc2 Qd7 28. Bf3 f6 29. Rd1 Rxd1+ 30. Bxd1 Qd4 31. Kg2 Kf8 32. Bh5 Bf7 33. Bg4 Bg6 34. Kf3 Ke7 35. Bc8 b6 36. Bb7 c5 37. Bd5 Qg1 38. g4 h5 39. h3 h4 40. Qf2 Qxf2+ 41. Kxf2 Bh7 42. Kf3 g6 43. Bc6 f5 44. Bd5 Kf6 45. Bb7 fxg4+ 46. Kxg4 g5 47. Bc6 Bg8 48. Kf3 Be6 49. Kg2 g4 50. hxg4 Bxg4 51. Be8 Kg5 52. Bc6 Kf4 53. Kh2 Bf3 54. Kh3 Bxe4 55. Bd5 Bb1 56. Kxh4 Bxa2 57. Kh3 Bxb3 58. Kg2 a4 59. Kf2 a3 0-1